| 000 | 00713nam a22002057a 4500 | ||
|---|---|---|---|
| 999 |
_c12463 _d12463 |
||
| 003 | AR-CdUCM | ||
| 008 | 190409b ||||| |||| 00| 0 spa d | ||
| 040 |
_aMUNICIPALIDAD PROVINCIAL DEL CUSCO _cBIBLIOTECA MUNICIPAL DEL CUSCO |
||
| 082 |
_aC / 791.4 / _bM93 |
||
| 110 |
_aMunicipalidad del Cusco _9876 |
||
| 245 |
_aII encuentro de cineastas andinos : _bI festival andino del Spot / |
||
| 260 |
_aLima : _c1991. |
||
| 300 |
_a99 páginas ; _bFotografĂas, ilustraciones, _c26 cm. |
||
| 505 | _aContenido: Encuentro de cineastas andinos y cortometrajes. | ||
| 650 |
_aCineastas andinos _930314 |
||
| 650 |
_aCortometrajes _930315 |
||
| 650 |
_aCine _913177 |
||
| 942 |
_2ddc _cLIBROS |
||
| 945 |
_adavv _d09/04/2019 |
||